Report to the council of the Land Agents' Society upon the feeding habits of the rook (Record no. 99768)

MARC details
000 -LEADER
fixed length control field 00894cam a22002055a 4500
001 - CONTROL NUMBER
control field ##J100711
008 - FIXED-LENGTH DATA ELEMENTS--GENERAL INFORMATION
fixed length control field 000000s1910 000 0 eng u
035 ## - SYSTEM CONTROL NUMBER
System control number (Sirsi) u100711
041 0# - LANGUAGE CODE
Language code of text/sound track or separate title eng
050 04 - LIBRARY OF CONGRESS CALL NUMBER
Classification number 632.68 $2 2
100 1# - MAIN ENTRY--PERSONAL NAME
Personal name Collinge, Walter E.
245 00 - TITLE STATEMENT
Title Report to the council of the Land Agents' Society upon the feeding habits of the rook
260 ## - PUBLICATION, DISTRIBUTION, ETC.
Place of publication, distribution, etc. London
Name of publisher, distributor, etc. Laughton
Date of publication, distribution, etc. 1910
300 ## - PHYSICAL DESCRIPTION
Extent 23p.
Dimensions 21cm.
520 ## - SUMMARY, ETC.
Summary, etc. Reports on an inquiry into the feeding habits of the rook that was carried out in September, 1908. The study was untaken as a result of many farmers in England and Wales complaining of serious depredations and losses due to this bird. It was found that the main source of this bird's diet is grain, thus proving a nuisance for agriculturists.
651 #4 - SUBJECT ADDED ENTRY--GEOGRAPHIC NAME
Geographic name Great Britain
Chronological subdivision 1707-
690 ## - LOCAL SUBJECT ADDED ENTRY--TOPICAL TERM (OCLC, RLIN)
Topical term or geographic name as entry element Rural
9 (RLIN) 6268
710 2# - ADDED ENTRY--CORPORATE NAME
Corporate name or jurisdiction name as entry element Land Agents' Society
942 ## - ADDED ENTRY ELEMENTS (KOHA)
Suppress in OPAC 0
Holdings
Withdrawn status Lost status Source of classification or shelving scheme Damaged status Not for loan Home library Current library Shelving location Date acquired Total Checkouts Full call number Barcode Date last seen Copy number Price effective from Koha item type
    Dewey Decimal Classification     Historic collection Historic collection RICS Boxes 21/10/1999   RICS 1910/6 30059605 06/08/2019 1 06/08/2019 Archive